Văn nghệ một thời để nhớ

Bộ sưu tập các thư từ của các văn nghệ sĩ giải phóng đã khắc họa muôn mặt của đời sống vật chất và tinh thần của văn nghệ sĩ-chiến sĩ. Sách là một tư liệu quý giá để nghiên cứu về văn học chống Mỹ - " một thời đáng nhớ &quo...

وصف كامل

محفوظ في:
التفاصيل البيبلوغرافية
التنسيق: كتاب
اللغة:Undetermined
منشور في: Hà Nội Văn học 2001
الموضوعات:
الوسوم: إضافة وسم
لا توجد وسوم, كن أول من يضع وسما على هذه التسجيلة!
Thư viện lưu trữ: Trung tâm Học liệu Trường Đại học Cần Thơ
LEADER 00984nam a2200205Ia 4500
001 CTU_42584
008 210402s9999 xx 000 0 und d
020 |c 140000 
082 |a 895.922633 
082 |b V115 
245 0 |a Văn nghệ một thời để nhớ 
245 0 |c Bảo Định Giang (sưu tầm và biên soạn) 
260 |a Hà Nội 
260 |b Văn học 
260 |c 2001 
520 |a Bộ sưu tập các thư từ của các văn nghệ sĩ giải phóng đã khắc họa muôn mặt của đời sống vật chất và tinh thần của văn nghệ sĩ-chiến sĩ. Sách là một tư liệu quý giá để nghiên cứu về văn học chống Mỹ - " một thời đáng nhớ ". 
650 |a Vietnamese literature 
650 |y 1954-1975 
904 |i Nguyễn Quang Điền, Q. Hiếu (sửa) 
980 |a Trung tâm Học liệu Trường Đại học Cần Thơ